00278nam a22000857a 4500008004100000010001700041245007300058260002300131500003800154150624b xxu||||| |||| 00| 0 eng d 8HCCRSARF:008 aHIGH COURT CRIMINAL SESSION NO.318 OF 1970 Uganda Vs Yowana Lunura aHigh Court Kampala 3BEFORE: Hon. Mr. Justice Dickson